Diccionario de sectas y ocultismo
Bewaard in:
| Hoofdauteur: | |
|---|---|
| Formaat: | Boek |
| Taal: | Spaans |
| Gepubliceerd in: |
Estella
Verbo Divino
1992
|
| Onderwerpen: | |
| Tags: |
Voeg label toe
Geen labels, Wees de eerste die dit record labelt!
|
MARC
| LEADER | 00000nam a2200000 a 4500 | ||
|---|---|---|---|
| 001 | UCX6405 | ||
| 003 | CL-VaPUC | ||
| 008 | 930607e19920000SP |||||||||||||||||spa|d | ||
| 082 | 0 | 4 | |a 133.03 |b VID |2 21 |
| 100 | 0 | |a Vidal Manzanares, César |e author |9 322876 | |
| 245 | 1 | 0 | |a Diccionario de sectas y ocultismo |
| 300 | |a 258 p | ||
| 942 | |c BK | ||
| 945 | |d 19930607 00:00:00 | ||
| 260 | |a Estella |b Verbo Divino |c 1992 | ||
| 650 | 0 | |a Sectas |9 320072 | |
| 650 | 0 | |a Diccionario Español |9 255650 | |
| 650 | 0 | |a Ocultismo |9 265006 | |
| 583 | |a last modification |c 19930607 00:00:00 |k Rodrigo Vera | ||
| 999 | |c 226429 |d 226427 | ||
| 952 | |0 0 |1 0 |4 0 |6 133_030000000000000_VID_1992 |7 0 |8 F |9 224762 |a BIBTEO |b BIBTEO |d 2019-11-15 |i 3212963 |l 2 |o 133.03 VID 1992 |p 3212963 |r 2025-01-17 |s 2022-10-27 |w 2019-11-15 |y BK_F |k ICR | ||